[Cendrer en forma de con] [Objecte]
Descripción Física:
1 con ; 16 cm
MARC
| LEADER | 00000nam a2200000Ia 4500 | ||
|---|---|---|---|
| 001 | 21904 | ||
| 008 | 160829s9999 xx 000 0 cat d | ||
| 080 | |a NBM-3-26 | ||
| 245 | |a [Cendrer en forma de con] [Objecte] | ||
| 260 | |a Barcelona : |b Diputació de Barcelona, [2008?] | ||
| 300 | |a 1 con ; |c 16 cm | ||
| 590 | |a Es reparteix per les platges de Barcelona i província durant els mesos d'estiu, per a evitar que s'embrutin. | ||
| 590 | |a A la tapa: En salut fem un bon equip | ||
| 710 | 1 | |a Barcelona (Catalunya : Província). |b Diputació |9 52408 | |
| 901 | |a Arxiu | ||
| 942 | |n 1 | ||
| 952 | |0 0 |1 0 |4 0 |6 NBM326 |7 1 |9 53022 |a Arxiu |b Arxiu |d 2016-12-01 |l 0 |o NBM-3-26 |p 21904 |r 2016-12-01 00:00:00 |w 2016-12-01 |y ARXIU | ||
| 999 | |c 56871 |d 56871 | ||